Най-добрият лекар... си ти (Запис номер 329561)
[ съкратено ]
| 000 -Лидер | |
|---|---|
| Контролно поле с фиксирана дължина | 01213nam a2200301 4500 |
| 003 - Код на организацията, давaща контролен номер | |
| Контролно поле | BLK |
| 005 - Дата и час на последна редакция | |
| Контролно поле | 20250712162701.0 |
| 008 - Елементи от данни с фиксирана дължина | |
| fixed length control field | 190323b bu ||||| |||| 00| 0 bu d |
| 020 ## - Международен стандартен номер на книга ISBN | |
| Международен стандартен номер на книга ISBN | 978-619-7342-14-7 |
| 040 ## - Източник на каталожния запис | |
| Идентификатор на билиотеката - собственик на записа | BLK |
| 041 ## - Код за език | |
| Код за езика на текст/звукозапис или на отделно заглавие | Български |
| Код за езика КДБФ | Български |
| 080 ## - УДК | |
| Текстов определител УДК | Въздържание, умереност при храненето като лечебен фактор. Ограничителна диета. Вж и 613. 24/. 25 |
| УДК код - определител по УДК | 615.874.1 |
| 100 ## - Редна дума - Автор | |
| Автор | Димитрова, Ани Иванова |
| Авторска отговорност | първи автор |
| R(LIN) | 471838 |
| 139 ## - Редно поле | |
| Редна дума | Димитрова, Ани Иванова |
| Авторски знак | Дими - Д 58 |
| 245 ## - Сведения за заглавието | |
| Заглавие | Най-добрият лекар... си ти |
| Подзаглавни данни | 7 стъпки към живота, които искам |
| Редно поле (дума) | Ани Димитрова |
| 260 ## - Област на издателските данни | |
| 9 (RLIN) | 221452 |
| Място на издаване, разпространение и проч. | София |
| Име на издателя, разпространителя и проч. | Вдъхновения |
| Година на издаване | 2017 |
| 300 ## - Физическа характеристика | |
| Страници | 104 с. |
| Размери/Мащаб | 21 см |
| 380 ## - Жанр | |
| Жанр | Медицина |
| 650 #0 - Допълнително описание по предмет – тема | |
| 9 (RLIN) | 268300 |
| Основно описание – тема или топоним | Здравословен начин на живот |
| 653 #7 - Ключова дума – ненормативна | |
| 9 (RLIN) | 200161 |
| Ключова дума | хранителни навици |
| 653 #7 - Ключова дума – ненормативна | |
| 9 (RLIN) | 186926 |
| Ключова дума | здравословно хранене |
| 852 ## - Местоположение | |
| Фондова буква | Заемна - подръчен фонд |
| Систематично-азбучна сигнатура | П 615.8/Д 58 |
| 852 ## - Местоположение | |
| Форматна сигнатура | Цб 311863 |
| Фондова буква | Хранилище |
| 999 ## - СИСТЕМНИ КОНТРОЛНИ НОМЕРА | |
| Koha biblionumber | 329561 |
| Koha biblioitemnumber | 329561 |
| 942 ## - АРТИКУЛИ | |
| Скрит в OPAC | Не |
| Вид на библиотечния материал | Книги |
| Koha issues (borrowed), all copies | 17 |
| Периодичен библиозапис | Да |
| 999 ## - СИСТЕМНИ КОНТРОЛНИ НОМЕРА | |
| Koha biblioitemnumber | 329561 |
| 999 ## - СИСТЕМНИ КОНТРОЛНИ НОМЕРА | |
| Koha biblioitemnumber | 329561 |
| 999 ## - СИСТЕМНИ КОНТРОЛНИ НОМЕРА | |
| Koha biblioitemnumber | 329561 |
| 944 ## - СЪЗДАВАНЕ И РЕДАКЦИЯ на ЗАПИСА | |
| Служител, извършил регистрацията/редакцията | 30575 |
| Статус, дата на статуса | Мартин Енчев |
| Код за отписване | Код за изгубен артикул | Източник на класификационната схема | Код за повреда | Коз за рестрикции | Код за отдаване | Артикулен № | Име на библиотеката - собственик | Име на библиотеката, в която се намира в момента | Статус (Текущо местоположение) | Дата на вписване в системата | Местоположение - отдел | Цена в лева | Систематично азбучна сигнатура | Баркод | Цена в евро | Служебен тип на артикула |
|---|---|---|---|---|---|---|---|---|---|---|---|---|---|---|---|---|
| Не е изгубен | Universal Decimal Classification | Не е повреден | без рестрикции | заемане за дома | 694515 | Регионална библиотека "Любен Каравелов" Русе | Регионална библиотека "Любен Каравелов" Русе | Заемна - подръчен фонд | 2019-03-26 | Заемна - подръчен фонд | 12.90 | П 615.8/Д 58 | 120000830961 | 6.60 | Книги | |
| Не е изгубен | Universal Decimal Classification | Не е повреден | заемане за дома | 694516 | Регионална библиотека "Любен Каравелов" Русе | Регионална библиотека "Любен Каравелов" Русе | Заемна - подръчен фонд | 2019-03-26 | Заемна - подръчен фонд | 12.90 | 615.8/Д 58 | 120000830962 | 6.60 | Книги | ||
| Не е изгубен | Universal Decimal Classification | Не е повреден | без рестрикции | заемане за дома | 694517 | Регионална библиотека "Любен Каравелов" Русе | Регионална библиотека "Любен Каравелов" Русе | Заемна - подръчен фонд | 2019-03-26 | Заемна - подръчен фонд | 12.90 | П 615.8/Д 58 | 120000830960 | 6.60 | Книги | |
| Не е изгубен | Universal Decimal Classification | Не е повреден | само за читалня | ползва се в читалня | 877777 | Регионална библиотека "Любен Каравелов" Русе | Регионална библиотека "Любен Каравелов" Русе | Хранилище | 2022-03-21 | Хранилище | 12.90 | Цб 311863 | 120000870001 | 6.60 | Книги |